Ησιόδου τα άπαντα

Αποθηκεύτηκε σε:
Λεπτομέρειες βιβλιογραφικής εγγραφής
Κύριος συγγραφέας: Ησίοδος, 750-700
Συγγραφή απο Οργανισμό/Αρχή: Ελληνικός Φιλολογικός Σύλλογος
Μορφή: Βιβλίο
Γλώσσα:Greek
Δημοσίευση: Αθήνησιν : Εκ του Τυπογραφείου αδελφών Πέρρη, 1889.
Σειρά:Ζωγράφειος Ελληνική Βιβλιοθήκη ; 3
Θέματα:
Ετικέτες: Προσθήκη ετικέτας
Δεν υπάρχουν, Καταχωρήστε ετικέτα πρώτοι!

MARC

LEADER 00000cam a2200000 i 4500
001 1/41137
008 140130s1889 gr | ||| |||| ||gre||
035 |l 10116516 
040 |a GR-MyUA  |b gre  |e AACR2 
041 0 |a gre 
082 0 |a 881.1  |2 (22) 
100 0 |a Ησίοδος,   |d 750-700. 
245 1 0 |a Ησιόδου τα άπαντα /   |c εξ ερμηνείας Καρόλου Σίττλ.  
260 |a Αθήνησιν :   |b Εκ του Τυπογραφείου αδελφών Πέρρη,   |c 1889.  
300 |a ις', 644 σ. :   |b πορτρ. ;   |c 25 εκ.  
490 1 |a (Ζωγράφειος Ελληνική Βιβλιοθήκη   |v ; 3)  
500 |a Στο verso ετικέτα "Τη Πορφυριάδι Σχολή Μαρουδιώ Κ. Νικολάου".  
600 0 0 |a Ησίοδος,   |d 750-700. 
650 0 0 |a Epic poetry, Greek. 
700 1 |a Sittl, Karl,   |d 1862-1899,  |e oth 
710 2 |a Ελληνικός Φιλολογικός Σύλλογος. 
830 0 |a Ζωγράφειος Ελληνική Βιβλιοθήκη ;  |v  3 
852 |a INST  |b SAMOS  |c PORFYRIADA  |e 20140130  |h 881.1 ΗΣΙ  |p 005300036381  |q 005300036381  |t NOLOAN  |y 23 
901 |a BIBL3-2014-1 
909 |a Σ  |b 184569 
970 |a ΚΟΣΙΕΡΗΣ  |b ΧΡΗΣΤΟΣ  |z 2014/01/30